Mario and sonic at the stupidlympics characters- sudden death - Statistics

General Stats
  • This quiz has been taken 92 times
  • The average score is 3 of 21
Answers on the Grid
Answers color-coded by a green-red scale on the quiz's grid according to % correct below.
Mario
koopa
sonic
Tim (Tim n' Bean)
eggman
slenderman
king dice
sirenhead
tails
luigi
norm
Emmett
ron weasly
king kong
godzilla
I'M NOT AFRAID guy
doom slayer
Rucka Rucka ali
four
lucy
the rock
teddy
Hamburglar
dwight
Sam & Max
snoop dogg
x (BFDI)
slim shady
garett the garbage man garrison
spongebob
harry potter
trallalero tralala
Madam pomfrey
mr bean
Simba
steve
rosie
pepsiman
caillou
alex
skibidi toilet
 
Answer Stats
Answer % Correct
Mario
97%
sonic
57%
luigi
20%
rosie
11%
Tim (Tim n' Bean)
11%
caillou
9%
Emmett
9%
four
9%
godzilla
9%
norm
9%
Sam & Max
9%
slenderman
9%
slim shady
9%
snoop dogg
9%
steve
9%
harry potter
6%
I'M NOT AFRAID guy
6%
Madam pomfrey
6%
mr bean
6%
pepsiman
6%
skibidi toilet
6%
No matching quizzes found
Score Distribution
Percent of People with Each Score
Percentile by Number Answered
Your Score History
You have not taken this quiz